Renewables and the CDM in Chile: investment opportunities and project financing. Project`s directory

Guardat en:
Dades bibliogràfiques
Autor corporatiu: CORFO InvestChile (Autor)
Format: Llibre
Idioma:anglès
Publicat: Santiago CORFO 2007
Matèries:
Etiquetes: Afegir etiqueta
Sense etiquetes, Sigues el primer a etiquetar aquest registre!

MARC

LEADER 00000nam a2200000 a 4500
001 UCG3582
003 CL-VaPUC
008 100902e20070000CL |||||||||||||||||eng|d
082 0 4 |a 333.794  |b COR  |2 21 
110 2 |a CORFO InvestChile   |e author  |9 552825 
245 1 0 |a Renewables and the CDM in Chile: investment opportunities and project financing. Project`s directory 
300 |a 85 p 
942 |c BK 
945 |d 20100902 00:00:00  |a mfarfan 
260 |a Santiago  |b CORFO  |c 2007 
650 0 |a Energía renovable  |9 525460 
650 0 |a Investigación  |9 257811 
650 7 |a RECURSOS RENOVABLES  |2 CL-VaPUC  |9 339698 
650 7 |a ENERGIA HIDRAULICA  |2 CL-VaPUC  |9 358259 
650 7 |a ENERGIA SOLAR  |2 CL-VaPUC  |9 552826 
650 0 |a Energía eólica  |9 316611 
650 7 |a ENERGIA GEOTERMICA  |2 CL-VaPUC  |9 358260 
651 7 |a CHILE  |2 CL-VaPUC  |9 552827 
583 |a last modification  |c 20100902 00:00:00  |k Rodrigo Vera 
999 |c 342635  |d 342633